Can You Name All The Characteristics Of Meg From Brawl Stars? - Statistics

General Stats
  • This quiz has been taken 2 times
  • The average score is 9 of 17
Answer Stats
Hint Answer % Correct
Star Power Heavy Metal
100%
Prestige Title Heavy Metal
100%
Rarity Legendary
100%
Buffies No
100%
Trait No
100%
Class Tank
100%
Title Tech Support 2.0
100%
Gadgets Jolting Volts
50%
Trio Superheroes
50%
Gadgets Toolbox
50%
Attack Crowd Control
0%
Super Feel the Steel
0%
Star Power Force Field
0%
Super Mecha Machina
0%
Voice Actor Sheila Morris
0%
Attack Target Acquired
0%
Hypercharge Tungsten Toughness
0%
No matching quizzes found
Score Distribution
Percent of People with Each Score
Percentile by Number Answered
Your Score History
You have not taken this quiz